[Event "Tbilisi FIDE GP"]
[Site "Tbilisi"]
[Date "2015.02.15"]
[Round "1"]
[White "Kasimdzhanov, Rustam"]
[Black "Grischuk, Alexander"]
[Result "0-1"]
[WhiteElo "2705"]
[BlackElo "2810"]
[Annotator "Krasenkow,Michal"]
[PlyCount "70"]
[EventDate "2015.02.15"]
[EventType "tourn"]
[EventRounds "11"]
[EventCountry "GEO"]
[EventCategory "20"]
[SourceTitle "CBM 165"]
[Source "ChessBase"]
[SourceDate "2015.03.11"]
[SourceVersion "1"]
[SourceVersionDate "2015.03.11"]
[SourceQuality "1"]

1. d4 d5 2. c4 e6 3. Nc3 Bb4 4. Nf3 dxc4 5. e3 b5 6. a4 c6 7. Bd2 a5 8. axb5 Bxc3 9. Bxc3 cxb5 10. b3 Bb7 11. bxc4 b4 12. Bb2 Nf6 13. Bd3 Nbd7 14. O-O O-O 15. Re1 Ne4 16. c5 {This is one of the main lines of the Noteboom system, which was thoroughly examined in CBM 148 and my Semi-Slav DVD.} Bc6 {Perhaps (and contrary to my previous conclusions) this move is not worse than} (16... Qc7) 17. Qc2 f5 18. Bc4 Qe7 {I thought this is not the best place for Black's queen but in fact, it can help Black's kingside counterplay in some cases.} ({RR} 18... Re8 19. Bb3 Qc7 20. Red1 Kh8 21. Ne1 Nef6 22. Nd3 Bd5 23. Ba4 Nb8 24. f3 Nc6 25. Nf2 e5 26. dxe5 Nxe5 27. Bxe8 Rxe8 28. Qxf5 Bf7 29. Rd6 Bg6 30. Qf4 Nfd7 31. Rad1 Qxc5 32. Rxd7 Nxd7 33. Rxd7 {Van Wely,L (2677)-Alekseev,E (2711) Foros 2008 1-0 (36)}) 19. Bb3 {[%cal Yb3a4]} (19. Qb3 Kh8 $1 20. Bxe6 $2 Ndxc5 21. dxc5 Nxc5 22. Qc4 Bxf3 23. Bxf5 Rxf5 24. gxf3 Rxf3 $19 {0-1 (47) Bykhovsky,A (2375)-Galkin,A (2590) playchess.com INT 2007}) 19... Kh8 (19... Rfc8 20. Ra2 (20. Ba4 $5) 20... Nexc5 $6 (20... Rc7 $142 21. Rc1 Rca7 22. Ba4 Bd5 23. Raa1 $14 {B.Avrukh}) 21. dxc5 Nxc5 22. Bc4 Be4 23. Qd2 $1 Bxf3 24. gxf3 Ne4 $1 25. fxe4 Rxc4 26. Qd3 Rxe4 27. f3 Rh4 28. Be5 $1 $14 {[%cal Ga2g2] 1-0 (38) Avrukh,B (2582)-Moreno Tejera,E (2365) Andorra 2002 CBM 089 ext [Avrukh,B]}) (19... Ra7 20. Rec1 $5 (20. Ra2 Rfa8 21. Rea1 a4 22. Rxa4 (22. Bxa4 $6 Bd5) 22... Bxa4 23. Rxa4 Rxa4 24. Bxa4 Ndf6 25. Bb3 Nd5 26. Ne5 Qb7 27. f3 Nec3 $132 {1/2 (36) Eriksson,J (2474)-Matros,A (2573) Sweden 2000}) (20. Ba4 Bxa4 21. Rxa4 (21. Qxa4 Ndf6 22. Qb5 Qc7 23. Ne5 Ng4 $1 $132 {0-1 (31) Bas Fortuny,M (2293)-Sprenger,E (2440) ICCF Postal 2003}) 21... Rfa8 22. Rea1 Qe8 $1 (22... Qd8 {0-1 (41) Sebenik,M (2430)-Pavasovic,D (2586) Celje 2003} 23. Qc4 $1) 23. Ne1 (23. Qc4 $6 Ndf6 24. Ne5 Nd5 25. Qb3 Nec3 26. Bxc3 Nxc3 $17 {0-1 (55) Azmaiparashvili,Z (2673)-Galkin,A (2587) Saint Vincent 2000}) 23... Nb8 24. Nd3 (24. f3 Nf6 25. Nd3 Nc6 26. Qb3 Qd7 27. Bc1 Rd8 28. Bd2 Nd5 $13 {1-0 (41) Sebenik,M (2426)-Reefschlaeger,H (2299) Salzburg 2004}) 24... Nc6 25. Qe2 Nf6 $13 (25... g5 26. f3 Nf6 27. e4 fxe4 28. fxe4 Qg6 29. Re1 Rf8 30. Raa1 Raf7 31. h3 Rd8 32. Nf2 g4 33. hxg4 Rdf8 34. Qd1 Rd8 35. Qa4 $14 {1-0 (47) Persson,C (2511)-Haugen,A (2555) ICCF 2001})) 20... Rfa8 21. Ba4 Bxa4 22. Qxa4 Qe8 23. Ne1 Nef6 (23... Ndf6 $5) 24. Nd3 Nd5 25. Re1 Qc8 26. f3 Qa6 27. Rad1 Rf8 28. e4 $14 {1/2 (38) Peralta,F (2546)-Bellini,F (2499) Badalona 2006}) (19... g5 $5 {is very interesting, e.g.} 20. Ba4 (20. Rec1 g4 21. Ne1 Ndf6 22. Ra2 Nd5 23. Rca1 {0-1 (53) Brain Damage-Klosterfrau playchess.com INT 2007} Rf6 $1 24. Rxa5 Rxa5 25. Rxa5 Rh6 $40) 20... Bxa4 21. Rxa4 {- Black's blockade has been lifted but his kingside counterplay is strong enough:} g4 22. Nd2 Nxd2 23. Qxd2 Nf6 $132 {If this position is OK for Black then 16...c6 is definitely playable.}) 20. Red1 $146 (20. Rec1 $5 f4 $5 (20... Qe8) 21. Re1 (21. Ba4 Bxa4 22. Rxa4 Ng5 23. Nxg5 Qxg5 $13) 21... Ng5 22. e4 Nxf3+ 23. gxf3 Qg5+ 24. Kh1 Qh5 25. Qd1 $13 {1-0 (39) Svetushkin,D (2594)-Saptarshi,R (2385) Imperia 2011}) ({RR} 20. Rec1 f4 21. Re1 Ng5 22. e4 Nxf3+ 23. gxf3 Qg5+ 24. Kh1 Qh5 25. Qd1 Rf6 26. Rg1 Rh6 27. Rg2 Bxe4 28. fxe4 f3 29. Kg1 Nf6 30. Bxe6 fxg2 31. Qxh5 Nxh5 32. d5 Nf4 33. Bf5 Rh5 34. Be5 Nd3 {Svetushkin,D (2594)-Saptarshi,R (2385) Imperia 2011 1-0 (39)}) ({RR} 20. Re2 Qf7 21. Ba4 Bd5 22. Bb3 Qh5 23. Bxd5 exd5 24. Qa4 Ndf6 25. Rc2 g5 26. c6 f4 27. Ne5 fxe3 28. fxe3 Ng4 29. Nxg4 Qxg4 30. Qb5 Qf5 31. Rf1 Qxf1+ 32. Qxf1 Rxf1+ 33. Kxf1 a4 34. c7 Rc8 {De Melo,R (1531)-Alboredo,J (1971) Goiania 2015 0-1 (39)}) 20... Qe8 {A standard move but it doesn't exploit the merits of the position of Black's queen on e7.} (20... f4 $5 {was interesting here.}) 21. Ba4 Bxa4 $6 {This move just helps White to attack the a5-pawn.} (21... Qc8 $142) 22. Rxa4 Ndf6 23. Rda1 Qb5 (23... Ng4 24. Rxa5 Rxa5 25. Rxa5 Ngxf2 26. c6 $16) 24. Ne5 Ng4 (24... Nd5 {is not enough due to} 25. Qd3 $1 Rfb8 (25... Qxd3 26. Nxd3 {[%cal Ra4a5]}) 26. Qxb5 Rxb5 27. Nc6 $16 {[%csl Ra5]}) 25. Nxg4 $2 ({Here, too,} 25. Qd3 $1 {was called for:} Qb7 (25... Rfb8 26. Qxb5 Rxb5 27. Nd3 {[%cal Rf2f3,Rd3b4]}) 26. c6 $1 Nxe5 27. cxb7 Nxd3 28. bxa8=Q Rxa8 29. Rxa5 Rg8 30. Bc1 $16 {Chesspro.ru}) 25... fxg4 (25... b3 $5 26. Qd1 fxg4 27. d5 $1 $13) 26. Qxe4 Qe2 27. Rf1 (27. f4 $5 gxf3 28. gxf3 Ra6 $3 (28... Qxb2 $143 29. Qd3 $1 Rxf3 30. R4a2 Qc3 31. Qxc3 bxc3 32. Rxa5) 29. Bc3 $3 (29. Rb1 e5 $1 30. c6 Rf6) (29. R4a2 b3 30. Ra3 e5 $1) 29... bxc3 30. R4a2 Qc4 31. Rc2 Rb8 32. Rac1 Rb3 33. Rd1 $14 {[%cal Yd4d5,Ye4d3]}) 27... Qxb2 28. Qxe6 (28. Qxg4 $5 b3 29. Qd1 Qc3 30. Qc1 Qd3 31. Qb2 Qb5 32. Rfa1 e5 33. dxe5 Rfb8 $11 {Chesspro.ru}) 28... b3 29. Qc4 (29. Qxg4 Qc3 $13 {[%cal Yb3b2]}) 29... Rf6 $1 {[%cal Ra8f8]} 30. Qc1 Qe2 31. c6 $4 {[%mdl 16384] This move unexpectedly loses. White probably simply misevaluated the position and underestimated the danger.} (31. Qc4 $1 {was the right continuation although after} Qb2 {[%cal Ya8f8] Black's counterplay is enough for equality} (31... Qxc4 $143 32. Rxc4 a4 33. Rb4)) 31... b2 32. Qc4 $8 {The only way to protect both the c6-pawn and the 1st rank.} Qd2 $1 {[%cal Rf6f2]} 33. c7 Rc8 34. Qb3 Rcf8 $1 35. Qd1 Rxf2 $1 0-1

[Event "TePe Sigeman & Co Chess Tournament 2024"]
[Site "Elite Plaza Hotel, Gustav Ado"]
[Date "2024.05.03"]
[Round "10.1"]
[White "Erigaisi Arjun"]
[Black "Svidler, Peter"]
[Result "1-0"]
[WhiteElo "2756"]
[BlackElo "2689"]
[PlyCount "99"]
[EventDate "2024.??.??"]
[WhiteTeam "IND"]
[BlackTeam "FID"]
[WhiteClock "0:00:21"]
[BlackClock "0:00:07"]

{[%evp 9,99,28,35,35,39,36,36,31,28,29,31,31,35,31,38,34,39,23,24,25,30,-18,29,-19,-14,-31,-27,-42,-40,-53,-9,-20,0,-2,11,0,3,-18,21,-76,0,-22,-22,-22,-22,-42,108,108,102,85,91,119,111,0,0,0,44,16,66,58,52,-1,96,-22,67,48,98,53,38,46,51,6,40,-42,-42,-62,-36,-53,-49,-63,276,305,417,384,556,542,29991,29992,29992,29993,29993,29994]} 1. d4 d5 2. c4 e6 3. Nf3 a6 4. cxd5 exd5 5. Nc3 h6 6. Bf4 Nf6 7. e3 Bd6 8. Bxd6 {White is slightly better.} Qxd6 9. Bd3 O-O 10. h3 Nc6 11. O-O Ne7 12. Qc2 g6 13. Rac1 Bf5 14. Ne5 c5 $146 ({RR} 14... Bxd3 15. Nxd3 Nf5 16. Na4 c6 17. Qc5 Qc7 18. Qb6 Qe7 19. Nac5 Nd6 20. b3 a5 21. Na4 Nfe4 22. Ndc5 Rfb8 23. Nxe4 Nxe4 24. Nc5 Nd6 25. Na4 Ne4 26. Nc5 Nf6 27. b4 axb4 28. Rc2 Kg7 29. Qxb4 {Golubovic,B (2322)-Aimdilokwong,A (2047) chess.com INT 2026 0-1 (120)}) 15. Rfd1 Rac8 16. Qd2 Bxd3 17. Qxd3 c4 18. Qe2 b5 19. a3 Qe6 20. f3 Rb8 21. e4 Rfd8 22. Qe3 Kg7 23. Ne2 Qd6 24. g4 {[%eval -76,24]} (24. Qxh6+ $11 {[%eval 21,20]} Kxh6 25. Nxf7+ {[%mdl 64] Double Attack} Kg7 26. Nxd6) 24... a5 {[%eval 0,25]} (24... Nh7 $17 {[%eval -76,24] Strongly threatening ...f6.} 25. f4 (25. Qf4 $2 f6 $19) 25... dxe4 26. Qxe4 f6) 25. h4 b4 26. axb4 Rxb4 27. Rd2 Rdb8 {[%eval 108,18] [#]} (27... dxe4 $15 {[%eval -42,20] stays ahead.} 28. Nc3 (28. fxe4 Nc6 $15) 28... Ned5 29. Nxd5 Nxd5 30. Qxe4 Rb3) 28. Qxh6+ $1 $16 {[%mdl 576] Deflection, Decoy} Kxh6 29. Nxf7+ {[%mdl 64] Double Attack} Kg7 30. Nxd6 Rxb2 31. Rcc2 {[%eval 0,33]} ({Better is} 31. Rxb2 $16 {[%eval 111,19]} Rxb2 32. Kf1) 31... R2b3 $11 32. e5 Nd7 33. f4 {Hoping for Ra2.} a4 34. f5 $36 {[%mdl 2048] And now Nc3 would win. White is more active.} a3 35. Ra2 Rb2 {[%eval 96,19]} (35... gxf5 $11 {[%eval -1,24] remains equal.} 36. gxf5 Rf3) 36. Kf2 {[%eval -22,16]} ({White should play} 36. f6+ $16 {[%eval 96,19]} Nxf6 37. exf6+ Kxf6 38. Nc3) 36... Rxd2 {[%eval 67,15]} (36... gxf5 $11 {[%eval -22,16]} 37. gxf5 Nc6) 37. Rxd2 $14 Nc6 {With the idea ...Rb2.} 38. Nc3 Rb3 39. Nxd5 c3 40. f6+ Kf8 41. Nxc3 {[%eval -42,10]} (41. Re2 $1 $14 {[%eval 40,16]}) 41... Rxc3 $15 42. g5 {e6 is the strong threat.} Rb3 {Threatens to win with ...Rb2.} 43. Rd1 $1 {[%cal Rd1c1] Black must now prevent Rc1.} a2 44. Ra1 $1 {[%cal Ra1a2]} Ra3 $2 {[%eval 276,10][%mdl 8192]} (44... Rb2+ $1 $15 {[%eval -63,13] keeps the upper hand.} 45. Ke3 Nb6) 45. e6 $18 Nb6 {[#]} 46. h5 $1 {[%cal Rh5g6][%mdl 512]} gxh5 {[%eval 556,16] [#]} (46... Nd5 $142 {[%eval 384,16]} 47. hxg6 Nxd4 48. e7+ Nxe7 49. g7+ Kg8 50. fxe7 Ra8 51. e8=Q+ Rxe8 52. Nxe8 Ne6 53. Rxa2 Nxg7 54. Nxg7 Kf7 55. Ra7+ Kg6) 47. g6 $1 {[%cal Rg6g7] White wants to mate with g7+.} Nd5 48. g7+ {White mates.} Kg8 49. f7+ Kxg7 50. Rg1+ {Accuracy: White = 60%, Black = 55%.} 1-0

[Event "TEPE SIGEMAN 2024 - Tye Break"]
[Site "Malmö"]
[Date "2024.05.03"]
[Round "10.1"]
[White "Erigaisi, Arjun Kumar"]
[Black "Svidler, Peter"]
[Result "1-0"]
[WhiteElo "2756"]
[BlackElo "2689"]
[Annotator "Stockfish 16.1"]
[PlyCount "99"]
[EventDate "2024.??.??"]
[EventCountry "SWE"]
[WhiteTeam "IND"]
[BlackTeam "FID"]
[WhiteClock "0:00:21"]
[BlackClock "0:00:07"]

{[%evp 9,99,28,35,35,39,36,36,31,28,29,31,31,35,31,38,34,39,23,24,25,30,-18,29,-19,-14,-31,-27,-42,-40,-53,-9,-20,0,-2,11,0,3,-18,21,-76,0,-22,-22,-22,-22,-42,108,108,102,85,91,119,111,0,0,0,44,16,66,58,52,-1,96,-22,67,48,98,53,38,46,51,6,40,-42,-42,-62,-36,-53,-49,-63,276,305,417,384,556,542,29991,29992,29992,29993,29993,29994]} 1. d4 d5 2. c4 e6 3. Nf3 a6 4. cxd5 exd5 5. Nc3 h6 6. Bf4 Nf6 7. e3 Bd6 8. Bxd6 {White is slightly better.} Qxd6 9. Bd3 O-O 10. h3 Nc6 ({RR} 10... b6 11. O-O Bb7 12. Rc1 Nbd7 13. Qe2 c5 14. b3 Rfe8 15. Rfd1 g6 16. Qb2 Qe7 17. a3 Rac8 18. dxc5 bxc5 19. Be2 a5 20. Na4 Ne4 21. Bb5 Red8 22. Bxd7 Rxd7 23. Nb6 Rdd8 24. Nxc8 Bxc8 25. Qe5 {Livaic,L (2557)-Le Tuan Minh (2567) chess.com INT 2024 0-1 (113)}) 11. O-O Ne7 12. Qc2 g6 13. Rac1 $146 ({RR} 13. Rfd1 Bf5 14. Rac1 Bxd3 15. Qxd3 Nf5 16. e4 dxe4 17. Nxe4 Nxe4 18. Qxe4 c6 19. d5 Rfe8 20. Qc4 cxd5 21. Qxd5 Qxd5 22. Rxd5 Rad8 23. Rxd8 Rxd8 24. Rc7 Rd1+ 25. Kh2 Nd6 26. Kg3 Kg7 27. Kf4 Kf6 {Lindborg,P (2137)-Jogstad,M (2335) Sweden SWE 2021 0-1 (51)}) ({RR} 13. Rfc1 Bf5 14. b4 c6 15. a4 Qc7 16. b5 axb5 17. axb5 Bxd3 18. Qxd3 Ra5 19. Rxa5 Qxa5 20. Ne5 Ra8 21. bxc6 bxc6 22. Ne2 Qa6 23. Nf4 Kg7 24. Qc2 Rb8 25. Qc5 Rb7 26. Qd6 Ne4 27. Qd8 Qb6 {Chyndygyr,T (2332)-Dudarev,V (1938) St Petersburg RUS 2022 ½-½ (68)}) ({RR} 13. Rfc1 Bf5 14. Rab1 Bxd3 15. Qxd3 Nc8 16. Ne5 Qe7 17. b4 c6 18. a4 a5 19. b5 c5 20. b6 c4 21. Qd1 Ra6 22. Rb5 Qe6 23. Ng4 Nxg4 24. Qxg4 Rxb6 25. Rxd5 Qxg4 26. hxg4 Rb4 27. Rxa5 Nb6 {Bok,B (2615)-Hulka,V (2257) chess.com INT 2023 1-0 (47)}) 13... Bf5 14. Ne5 c5 $146 ({RR} 14... Bxd3 15. Nxd3 Nf5 16. Na4 c6 17. Qc5 Qc7 18. Qb6 Qe7 19. Nac5 Nd6 20. b3 a5 21. Na4 Nfe4 22. Ndc5 Rfb8 23. Nxe4 Nxe4 24. Nc5 Nd6 25. Na4 Ne4 26. Nc5 Nf6 27. b4 axb4 28. Rc2 Kg7 29. Qxb4 {Golubovic,B (2322)-Aimdilokwong,A (2047) chess.com INT 2026 0-1 (120)}) 15. Rfd1 Rac8 16. Qd2 Bxd3 17. Qxd3 c4 18. Qe2 b5 19. a3 Qe6 20. f3 Rb8 21. e4 Rfd8 22. Qe3 Kg7 23. Ne2 Qd6 24. g4 (24. Qxh6+ $11 Kxh6 25. Nxf7+ {[%mdl 64] Double Attack} Kg7 26. Nxd6) 24... a5 (24... Nh7 $17 {Strongly threatening ...f6.} 25. f4 (25. Qf4 $2 f6 $19) 25... dxe4 26. Qxe4 f6) 25. h4 b4 26. axb4 Rxb4 27. Rd2 Rdb8 {[#]} (27... dxe4 $15 {stays ahead.} 28. Nc3 (28. fxe4 Nc6 $15) 28... Ned5 29. Nxd5 Nxd5 30. Qxe4 Rb3) 28. Qxh6+ $1 $16 {[%mdl 576] Deflection, Decoy} Kxh6 29. Nxf7+ {[%mdl 64] Double Attack} Kg7 30. Nxd6 Rxb2 31. Rcc2 ({Better is} 31. Rxb2 $16 Rxb2 32. Kf1) 31... R2b3 $11 32. e5 Nd7 33. f4 {Hoping for Ra2.} a4 34. f5 $36 {[%mdl 2048] And now Nc3 would win. White is more active.} a3 35. Ra2 Rb2 (35... gxf5 $11 {remains equal.} 36. gxf5 Rf3) 36. Kf2 ({White should play} 36. f6+ $16 Nxf6 37. exf6+ Kxf6 38. Nc3) 36... Rxd2 (36... gxf5 $11 37. gxf5 Nc6) 37. Rxd2 $14 Nc6 {With the idea ...Rb2.} 38. Nc3 Rb3 39. Nxd5 c3 40. f6+ Kf8 41. Nxc3 (41. Re2 $1 $14) 41... Rxc3 $15 42. g5 {e6 is the strong threat.} Rb3 {Threatens to win with ...Rb2.} 43. Rd1 $1 {[%cal Rd1c1] Black must now prevent Rc1.} a2 44. Ra1 $1 {[%cal Ra1a2]} Ra3 $2 {[%mdl 8192]} (44... Rb2+ $1 $15 {keeps the upper hand.} 45. Ke3 Nb6) 45. e6 $18 Nb6 {[#]} 46. h5 $1 {[%cal Rh5g6][%mdl 512]} gxh5 {[#]} (46... Nd5 $142 47. hxg6 Nxd4 48. e7+ Nxe7 49. g7+ Kg8 50. fxe7 Ra8 51. e8=Q+ Rxe8 52. Nxe8 Ne6 53. Rxa2 Nxg7 54. Nxg7 Kf7 55. Ra7+ Kg6) 47. g6 $1 {[%cal Rg6g7] White wants to mate with g7+.} Nd5 48. g7+ {White mates.} Kg8 49. f7+ Kxg7 50. Rg1+ {Precisão Chessbase: Brancas 60% Pretas 60%. Precisão Chessbase: Brancas 94% Pretas 86%. Precisão Chessbase: Brancas 92.6% Pretas83.8%.} 1-0

[Event "RUS-ch 64th"]
[Site "Moscow"]
[Date "2011.08.09"]
[Round "2"]
[White "Morozevich, Alexander"]
[Black "Grischuk, Alexander"]
[Result "1-0"]
[WhiteElo "2694"]
[BlackElo "2746"]
[Annotator "Krasenkow,Michal"]
[PlyCount "85"]
[EventDate "2011.08.08"]
[EventType "tourn"]
[EventRounds "7"]
[EventCountry "RUS"]
[EventCategory "19"]
[SourceTitle "CBM 144"]
[Source "ChessBase"]
[SourceDate "2011.09.16"]
[SourceVersion "1"]
[SourceVersionDate "2011.09.16"]
[SourceQuality "1"]

1. d4 d5 2. c4 e6 3. Nc3 Be7 4. cxd5 exd5 5. Bf4 c6 6. e3 Bf5 7. h3 {A quiet, very rare move.} ({Botvinnik's} 7. g4 {is the main continuation here.}) ({RR} 7. Bd3 Bxd3 8. Qxd3 Nf6 9. Nge2 Nh5 10. Bxb8 Rxb8 11. f3 O-O 12. O-O f5 13. a3 a6 14. b4 Qd7 15. Rae1 Rbe8 16. Nc1 a5 17. bxa5 Bxa3 18. Nxd5 Bxc1 19. Nb6 Qe6 20. Rxc1 Qxe3+ 21. Qxe3 Rxe3 {Nakamura,H (2774)-Ponomariov,R (2754) Saint Louis 2011 ½-½ (51)}) 7... Nd7 (7... Qb6 8. Qd2 Nf6 9. Nge2 O-O 10. f3 Bg6 11. g4 Na6 12. a3 Rfe8 13. Kf2 Qd8 14. Bg3 Nc7 15. h4 h5 16. g5 Nd7 17. Bh3 Nb6 18. b3 Bd6 19. Nf4 $14 {1-0 Kasparov,S (2465)-Malakhatko,V (2568)/Kiev 2000/CBM 077 (62)}) (7... Nf6 8. Nf3 {leads to the position which usually arises after 5...f6 6.e3 f5 7.h3 c6} ({and} 8. g4 Be6 {leads to the 7.g4 system})) 8. Nf3 (8. Nge2 Bg6 9. g4 h5 10. Rg1 hxg4 11. hxg4 Nb6 12. Qb3 Bd6 13. a4 Rb8 14. a5 Nc8 $13 {1/2 Ward,C (2456)-Cox,J (2411)/Southend 2007/CBM 117 ext (27)}) 8... Qb6 $146 {Black tries to exploit White's "loss of time" (h2-h3), to which Alexander Morozevich replies in an unusual manner.} (8... Nb6 9. Be2 Nf6 10. O-O O-O 11. g4 Be6 12. Bd3 c5 13. Bg3 cxd4 14. Nxd4 Rc8 15. g5 Ne8 16. g6 $1 $16 {1-0 Dao Thien Hai (2480)-Miranovic,M/Hungary 1995/EXT 1997 (54)}) (8... Ngf6 {- see 7...f6}) ({RR} 8... Ngf6 9. g4 Bg6 10. Nh4 Be4 11. Rg1 h6 12. Nf5 g5 13. Nd6+ Kf8 14. Bg3 Bg6 15. Nxb7 Qb6 16. Qb3 Ne8 17. f3 f5 18. gxf5 Bxf5 19. e4 Be6 20. O-O-O Rh7 21. f4 Qxb3 22. axb3 dxe4 23. Bc4 {Khismatullin,D (2674)-Oparin,G (2520) Khanty-Mansiysk 2013 1-0 (42)}) ({RR} 8... h6 9. Bd3 Bxd3 10. Qxd3 Ngf6 11. Rb1 a5 12. O-O O-O 13. Qc2 Re8 14. Rbc1 Bf8 15. a3 Rc8 16. Nd2 b5 17. Rfe1 Nb6 18. Nd1 Re6 19. e4 b4 20. axb4 axb4 21. Nb1 c5 22. dxc5 Bxc5 23. Qb3 {Chitlange,S (2215)-Khamdamova,A (2344) Al Ain UAE 2025 0-1}) ({RR} 8... Ngf6 9. Bd3 Bxd3 {½-½ (9) Tikkanen,H (2591)-Grischuk,A (2757) Rogaska Slatina 2011}) ({RR} 8... Nb6 9. Be2 Nf6 10. O-O O-O 11. g4 Be6 12. Bd3 c5 13. Bg3 cxd4 14. Nxd4 Rc8 15. g5 Ne8 16. g6 Bd7 17. gxh7+ Kh8 18. Kg2 Nc4 19. Qe2 Nb6 20. a4 a5 21. Ncb5 Nc4 22. e4 Nb6 23. e5 {Dao,T (2480)-Miranovic,M Hungary 1995 1-0 (54)}) 9. Qe2 $5 (9. Qd2 Ngf6 {[%cal Rf6e4] was what Black reckoned with}) (9. Bd3 $5 Qxb2 10. O-O {was an interesting pawn sacrifice in order to obtain an advantage in development.}) 9... Ngf6 (9... h5 $5 {, preventing g2-g4, was a fitting reply.}) 10. g4 Bg6 (10... Be4 $5) 11. Nh4 Qa5 12. Bg2 Ne4 13. Nxg6 Nxc3 14. Qd2 hxg6 15. bxc3 Nb6 16. O-O Nc4 {Black has a good position but in the long run he misplays it.} 17. Qe2 O-O (17... Qxc3 18. e4 Qxd4 19. Rfe1 $44) 18. e4 Bd6 (18... Rfe8 $142 19. Qd3 Bd6 20. e5 Ba3 {to gain a tempo after ...b2 and ...xc3.} 21. Bc1 $5 $13) 19. e5 Ba3 20. Rab1 Qxc3 21. Rfd1 b5 22. Rb3 Qa5 23. g5 $40 {[%mdl 128] Black is a pawn up but it is not easy for him to parry White's kingside attack!} Rfe8 (23... Bb4 $5) 24. h4 Bf8 25. h5 $2 {Too early.} (25. Rh3 $142 {[%cal Yh4h5]}) 25... gxh5 26. Qxh5 g6 27. Qh4 Qxa2 28. Rh3 Bg7 {Black has consolidated his position.} 29. Qh7+ Kf8 30. Rf3 Qe2 31. Rdd3 Re6 32. Bg3 (32. Bh3 Rae8 $1) 32... a5 $4 {[%mdl 8192] A sudden blunder. Black overlooks White's only threat!} (32... Nd2 $1 33. Rfe3 Qd1+ 34. Kh2 Rae8 {, and White's attack is safely parried, e.g.} 35. f4 Qc2 $1 36. Kg1 Qb1+ 37. Kh2 (37. Kf2 Ne4+) 37... Nf1+ 38. Bxf1 Qxf1 39. Rf3 Qe2+ 40. Bf2 Qe4 {, and Black should win.}) 33. Bf1 Qe4 {This loses the queen but what else can he do?} (33... Qc2 34. Rxf7+ $1 {the point!} Kxf7 35. Rf3+ Qf5 36. Rxf5+ gxf5 37. Qxf5+ Ke7 38. Bh3 $18) 34. Rf4 Qxf4 35. Bxf4 a4 36. Rd1 a3 37. Bxc4 dxc4 38. Bd2 Ra4 39. Be3 Re7 40. d5 a2 41. d6 Rd7 42. Bd4 b4 43. Qxg7+ $1 1-0